000
00288nam a22001217a 4500
999
_c
8575
_d
8576
005
20201007111823.0
008
201007b ||||| |||| 00| 0 eng d
040
_c
Jitshen
082
_a
DVD FIF
245
_a
Fifa Women`s world cup Canada 2015
500
_a
2 cd inside
942
_2
ddc
_c
DESK